[Event "RSA-chT U14"]
[Site "Cape Town"]
[Date "2016.01.05"]
[Round "4.5"]
[White "Amato, Nathan Edward"]
[Black "Steyn, Francois"]
[Result "1-0"]
[WhiteElo "1328"]
[BlackElo "1157"]
[PlyCount "53"]
[EventDate "2016.01.04"]
[EventType "team-tourn"]
[EventRounds "7"]
[EventCountry "RSA"]
[SourceTitle "CBM 170 Extra"]
[Source "ChessBase"]
[SourceDate "2016.02.25"]
[SourceVersion "1"]
[SourceVersionDate "2016.02.25"]
[SourceQuality "1"]
[WhiteTeam "Western Province"]
[BlackTeam "Ekurhuleni"]
[WhiteTeamCountry "RSA"]
[BlackTeamCountry "RSA"]

1. e4 e5 2. Nf3 Nc6 3. Bc4 Bc5 4. c3 d6 5. 0-0 Bg4 6. h3 Bh5 7. Be2 Nf6 8. d3 h6 9. Be3 Bb6 10. Nbd2 0-0 11. Nc4 Qd7 12. Nxb6 cxb6 13. Nh4 Bxe2 14. Qxe2 Ne7 15. f4 Rad8 16. fxe5 dxe5 17. Rad1 Ng6 18. Nf5 Kh7 19. a3 Qc7 20. Nxh6 Nf4 21. Bxf4 exf4 22. Ng4 Nxg4 23. Qxg4 Qc5+ 24. d4 Qb5 25. Qf5+ Qxf5 26. exf5 Rfe8 27. Rxf4 1-0